Soot deposition in the Great Lakes : Implications for semi-volatile hydrophobic organic pollutant deposition /

সংরক্ষণ করুন:
গ্রন্থ-পঞ্জীর বিবরন
অন্যান্য লেখক: Buckley, David R., Li, An., Mills, William J., Rockne, Karl J.
বিন্যাস: প্রবন্ধ
ভাষা:English
বিষয়গুলি:
ট্যাগগুলো: ট্যাগ যুক্ত করুন
কোনো ট্যাগ নেই, প্রথমজন হিসাবে ট্যাগ করুন!
Thư viện lưu trữ: Thư viện Trường Đại học Đà Lạt
LEADER 01046nam a2200349 4500
001 DLU090094516
005 ##20091201
040 # # |a DLU  |b eng 
041 # # |a eng 
044 # # |a us 
245 # # |a Soot deposition in the Great Lakes : Implications for semi-volatile hydrophobic organic pollutant deposition /  |c David R. Buckley ... [et al.]. 
653 # # |a Aerosols 
653 # # |a Air pollution  
653 # # |a Atmospheric fallout 
653 # # |a Organic compounds  
653 # # |a Pesticides 
653 # # |a Pollutant behavior 
653 # # |a Soot 
700 # # |a Buckley, David R. 
700 # # |a Li, An. 
700 # # |a Mills, William J. 
700 # # |a Rockne, Karl J. 
773 # # |t Environmental Science & Technology  |g Vol. 38, no. 6 (March 2004), p. 1732-1739 
920 # # |a Phòng Tạp chí -- Trung tâm Thông tin - Thư viện Trường Đại học Đà Lạt 
994 # # |a DLU 
900 # # |a True 
911 # # |a Trương Bảo Trâm Anh 
925 # # |a G 
926 # # |a A 
927 # # |a BB 
980 # # |a Thư viện Trường Đại học Đà Lạt